Library Banner

India divided (Record no. 68135)

MARC details
000 -LEADER
fixed length control field 00362nam a22001457a 4500
005 - DATE AND TIME OF LATEST TRANSACTION
control field 20150324162928.0
008 - FIXED-LENGTH DATA ELEMENTS--GENERAL INFORMATION
fixed length control field 150324b xxu||||| |||| 00| 0 eng d
040 ## - CATALOGING SOURCE
Transcribing agency PK-LaUMT
082 ## - DEWEY DECIMAL CLASSIFICATION NUMBER
Classification number KHC 954.0359
Item number PRA-I
100 ## - MAIN ENTRY--PERSONAL NAME
Personal name Prasad, Rajendra
245 ## - TITLE STATEMENT
Title India divided
Statement of responsibility, etc Ranjendra Prasad
260 ## - PUBLICATION, DISTRIBUTION, ETC. (IMPRINT)
Place of publication, distribution, etc Bombay
Name of publisher, distributor, etc Hind Kitabs
Date of publication, distribution, etc 1946
300 ## - PHYSICAL DESCRIPTION
Extent 427 .
942 ## - ADDED ENTRY ELEMENTS (KOHA)
Koha item type Books
Holdings
Withdrawn status Lost status Damaged status Home library Current library Date acquired Full call number Barcode Date last seen Price effective from Koha item type
      UMT Main Campus UMT Main Campus 2015-03-24 KHC 954.0359 PRA-I 69855 2015-03-24 2015-03-24 Books